| 000 | 00592nam a22002297a 4500 | ||
|---|---|---|---|
| 003 | OSt | ||
| 005 | 20220107122827.0 | ||
| 008 | 170605b xxu||||| |||| 00| 0 eng d | ||
| 020 | _a9788131790540 | ||
| 040 | _cIIITMK | ||
| 082 | _a004.65 KUR/C;6 | ||
| 100 |
_aKurose, James F _911959 |
||
| 245 |
_aComputer networking: _bA top down approach |
||
| 250 | _a5 | ||
| 260 |
_aNew Delhi, _bPearson Education, _c2010. |
||
| 300 | _a888p. | ||
| 650 |
_aCOMPUTER NETWORK _911960 |
||
| 650 |
_aNETWORKING _911961 |
||
| 650 |
_aTCP/IP _911962 |
||
| 700 |
_aRoss, Keith W _911963 |
||
| 942 |
_2ddc _cBK |
||
| 999 |
_c5653 _d5653 |
||